Macroeconomics principles and policy
Đã lưu trong:
| Tác giả chính: | |
|---|---|
| Tác giả khác: | |
| Định dạng: | Sách |
| Ngôn ngữ: | Undetermined |
| Được phát hành: |
Mason, Ohio
Thomson/South Western
2006
|
| Những chủ đề: | |
| Truy cập trực tuyến: | http://lrc.tdmu.edu.vn/opac/search/detail.asp?aID=2&ID=7461 |
| Các nhãn: |
Thêm thẻ
Không có thẻ, Là người đầu tiên thẻ bản ghi này!
|
| Thư viện lưu trữ: | Trung tâm Học liệu Trường Đại học Thủ Dầu Một |
|---|
| LEADER | 00639nam a2200217Ia 4500 | ||
|---|---|---|---|
| 001 | TDMU_7461 | ||
| 008 | 210410s9999 xx 000 0 und d | ||
| 082 | |a 339 | ||
| 090 | |b B111 | ||
| 100 | |a Baumol, William J | ||
| 245 | 0 | |a Macroeconomics | |
| 245 | 0 | |b principles and policy | |
| 245 | 0 | |c William J. Baumol, Alan S. Blinder | |
| 260 | |a Mason, Ohio | ||
| 260 | |b Thomson/South Western | ||
| 260 | |c 2006 | ||
| 300 | |a xx, 401 p | ||
| 650 | |a Macroeconomics | ||
| 700 | |a Blinder, Alan S | ||
| 856 | |u http://lrc.tdmu.edu.vn/opac/search/detail.asp?aID=2&ID=7461 | ||
| 980 | |a Trung tâm Học liệu Trường Đại học Thủ Dầu Một | ||